LEADER 01370nam a2200301 u 4500 001 000000035475 003 CaOOAMICUS 005 20070226112605.0 008 941010r19521992vc u000 u lat u 035 $a10784370 040 $aBAV$bita$dPUL(R)$dBAV 041 0 $alat$ager 110 2 $aBiblioteca apostolica vaticana.$kCodici borghesiani.$0(OLS)http://pul/name/27120 245 10$aCodices burghesiani Bibliothecae Vaticanae /$crecensuit Anneliese Maier. 260 $aCittą del Vaticano :$bBiblioteca Apostolica Vaticana,$c1952. 300 $avii, [1], 495 p. ;$c26 cm 490 1 $aStudi e testi ;$v170 500 $aRistampa anastatica, Modena, 1992. 504 $a"Opera brevius laudata": p. [viii] 650 4$aManoscritti latini$xCataloghi.$0(OLS)http://pul/subject/35 700 1 $aMaier, Anneliese,$d1905-1971.$0(OLS)http://pul/name/13442 830 0$aStudi e testi (Biblioteca apostolica vaticana) ;$v170.$0(OLS)http://pul/title/1077 850 $aPUL 852 $aPUL$W1$xDP1 Cons. Gen., Altre Classi 1$y22$m158 F 170$j48582$nBK-PRI$b $qStampati$B48582$CPULBib$Z2$F48582 $H $81 941 1 $a8 961 $aINV: 74741 996 $6245$aCodices burghesiani Bibliothecae Vaticanae$9(OLS)http://pul/title/48757 996 $6260$aCittą del Vaticano :$bBiblioteca Apostolica Vaticana$9(OLS)http://pul/publisher/48729 LEADER 00883nam a2200217 u 4500 001 000000081979 003 CaOOAMICUS 005 20070226123819.0 008 050405s1923 it u000 u ita u 035 $a11037639 040 $aPUL(R)$bita 100 1 $aCrawley, Matheo,$cSS. CC.$0(OLS)http://pul/name/54554 245 10$aConferenze sul regno sociale del Sacro Cuore di Gesł /$cP. Matteo Crawley. 260 $aPadova :$bLibreria Editrice Gregoriana,$c1923. 300 $a55 p. ;$c19 cm 650 4$aSacro Cuore.$0(OLS)http://pul/subject/12712 850 $aPUL 852 $aPUL$W1$xDP1 Fondo Cecchetti$y53$m260 T 28$j104503$nBK-PRI$b $qFondi$B104503$CPULBib$Z2$F104503 $82 941 1 $a1 996 $6245$aConferenze sul regno sociale del Sacro Cuore di Gesł$9(OLS)http://pul/title/107153 996 $6260$aPadova :$bLibreria Editrice Gregoriana$9(OLS)http://pul/publisher/76153